000 00420nam a2200181Ia 4500
001 14969
005 20260306164953.0
008 260306t2006||||xx |||||||||||||| ||spa||
041 _aESP
082 _a519.5
_bW42
100 _aWeiers, Ronald M.
_eAUT
245 0 _aIntroducción a la estadística para negocios
260 _c2006
300 _a
_c
650 _aGEN
654 _aCMA
942 _cLIB
_dJUS
_fJUS
_2ddc
_n
999 _c14969
_d14969